00269nam a2200121Ia 4500003000400000005001700004008004100021020001600062040000900078100002000087245002300107260001700130OSt20240306163706.0170524s9999 xx 000 0 und d a 9327240839 cIIMT aGupta- Shashi K 0aFinancial Services bKALYANI PUB.